| 000 | 00969cab a2200265 4500 | ||
|---|---|---|---|
| 001 | ABS52772 | ||
| 008 | 090401t1995 xxu||||| |||| 00| 0 eng d | ||
| 035 | _a(Sirsi) u35 | ||
| 041 | _aeng | ||
| 100 | _aGuest, P. | ||
| 245 | _aSkilling up is a good strategy | ||
| 260 | _c1995 | ||
| 350 | _a0 | ||
| 490 |
_aProperty Week _v51(1) 6 April 1995, 20-21(2) |
||
| 520 | _aSummarises research by DTZ Debenham Thorpe and University of Reading on the opportunity for surveyors to enter the field of management consultancy or property resource management. Gathers reactions to the report, particularly on the training needs to move into this area. | ||
| 650 |
_aAPC _96216 |
||
| 650 | _aABOUT RICS-RICS MEMBERS | ||
| 650 | _aCAREERS, EDUCATION AND TRAINING | ||
| 650 |
_aManagement consultancy _96255 |
||
| 650 | _aPRM | ||
| 650 | _aPROPERTY RESOURCE MANAGEMENT | ||
| 690 | _aMANAGEMENT-BUSINESS MANAGEMENT-PROFESSIONAL PRACTICE | ||
| 942 | _n0 | ||
| 948 | _c04/03/1997 | ||
| 999 |
_c14 _d14 |
||